UM Logo

A novel hybrid DC transformer combining modular multilevel converter structure and series-connected semiconductor switches / (Record no. 19283)

MARC details
000 -LEADER
fixed length control field 01057nam a22002417a 4500
003 - CONTROL NUMBER IDENTIFIER
control field OSt
005 - DATE AND TIME OF LATEST TRANSACTION
control field 20250911164735.0
008 - FIXED-LENGTH DATA ELEMENTS--GENERAL INFORMATION
fixed length control field 240222b ||||| |||| 00| 0 eng d
040 ## - CATALOGING SOURCE
Transcribing agency 0
082 ## - DEWEY DECIMAL CLASSIFICATION NUMBER
Classification number DPer 621.317 Ie21 May 2022 v. 37 n. 5
100 ## - MAIN ENTRY--PERSONAL NAME
Personal name Li, Rongguan.
Relator term author.
9 (RLIN) 53003
245 ## - TITLE STATEMENT
Title A novel hybrid DC transformer combining modular multilevel converter structure and series-connected semiconductor switches /
Statement of responsibility, etc. Rongguan Li, Wu Chen, Shuai Shao, Haozhe Jin, Liangcai Shu, and Shilong Gao.
260 ## - PUBLICATION, DISTRIBUTION, ETC. (IMPRINT)
Place of publication, distribution, etc. New York ;
Name of publisher, distributor, etc. The Institute of Electrical and Electronics Engineers, Inc. ,
Date of publication, distribution, etc. May 2022.
300 ## - PHYSICAL DESCRIPTION
Extent Volume 37, pages 5699-5713 :
Other physical details illustration ;
Dimensions 28 cm.
500 ## - GENERAL NOTE
General note IEEE Transactions on Power Electronics, vol. 37, no. 5, pages 5699-5713, May 2022.
700 ## - ADDED ENTRY--PERSONAL NAME
Personal name Li, Rongguan.
Relator term author.
9 (RLIN) 53003
700 ## - ADDED ENTRY--PERSONAL NAME
Personal name Chen, Wu.
Relator term author.
9 (RLIN) 53004
700 ## - ADDED ENTRY--PERSONAL NAME
Personal name Shao, Shuai.
Relator term author.
9 (RLIN) 53005
700 ## - ADDED ENTRY--PERSONAL NAME
Personal name Jin, Haozhe.
Relator term author.
9 (RLIN) 53006
700 ## - ADDED ENTRY--PERSONAL NAME
Personal name Shu, Liangcai.
Relator term author.
9 (RLIN) 53007
700 ## - ADDED ENTRY--PERSONAL NAME
Personal name Gao, Shilong.
Relator term author.
9 (RLIN) 53008
942 ## - ADDED ENTRY ELEMENTS (KOHA)
Source of classification or shelving scheme Dewey Decimal Classification
Koha item type Periodicals
Holdings
Withdrawn status Lost status Source of classification or shelving scheme Damaged status Not for loan Collection code Home library Current library Date acquired Total Checkouts Full call number Date last seen Price effective from Koha item type Public note
    Dewey Decimal Classification     Periodicals UM Digos College - LIC UM Digos College - LIC 02/22/2024   DPer 621.317 Ie21 May 2022 v. 37 n. 5 02/22/2024 02/22/2024 Periodicals Periodical Article